| 000 | 00844nam a22001815i 4500 | ||
|---|---|---|---|
| 001 | 160326 | ||
| 003 | ES-MaACL | ||
| 005 | 20250925165712.0 | ||
| 008 | 020227s1856 sp |||| | spa d | ||
| 245 | 0 | 4 |
_aLas mujeres de mármol : _bdrama en cuatro actos / _ctraducido del francés por Juan Belza y Luis Rivera. |
| 260 |
_aMadrid : _b[Luis y José de Olona], _c1856 ( _fImp. del Colegio de Sordo-Mudos) |
||
| 300 |
_a55 p. ; _c18 cm. |
||
| 594 | _aEn port.: Representada... en el Teatro de Variedades el 17 de abril de 1856 | ||
| 700 | 1 |
_aBelza, Juan, _d1819-1888 _9125905 |
|
| 700 | 1 |
_aRivera, Luis, _d1826-1872 _9131869 |
|
| 852 | 4 |
_aES-MaACL _jF-8593(2) _z- Enc. pasta española, falto de cub. original _z- Enc. en un vol. facticio, formando parte de la col. facticia "Teatro español moderno", v. 46 |
|
| 999 |
_c160326 _d160326 |
||